000 00339nam a2200133Ia 4500
008 240624s9999 xx 000 0 und d
041 _aeng
082 _a338.761004 MAD
100 _aMADDEN GARY
245 _aECONOMICS OF DIGITAL MARKETS
260 _c2009
_aUK
_bEdward Elgar
300 _axxxi, : 354 : p. : cm. ; 23
365 _cBPS
_b38
999 _c28228
_d28228